JRの信号場 - Statistics

General Stats
  • This quiz has been taken 96 times
  • The average score is 19 of 111
Answer Stats
Answer Line % Correct
石勝線
51%
新中小国 北海道新幹線
49%
下白滝 石北本線
46%
奥白滝 石北本線
44%
金華 石北本線
43%
尺別 根室本線
42%
直別 根室本線
41%
湯の里知内 北海道新幹線
41%
美々 千歳線
39%
東追分 石勝線
37%
中越 石北本線
37%
上越 石北本線
37%
上落合 根室本線
35%
新鶴見 東海道本線
35%
オサワ 石勝線
34%
豊清水 宗谷本線
33%
姫川 函館本線
32%
上厚内 根室本線
32%
十三里 石勝線
32%
東オサワ 石勝線
30%
鷲ノ巣 函館本線
29%
石谷 函館本線
28%
清風山 石勝線
28%
太宰府 鹿児島本線
28%
島ノ下 根室本線
25%
北豊津 函館本線
24%
新狩勝 根室本線
24%
古瀬 根室本線
24%
面白山 仙山線
24%
西の里 千歳線
22%
滝ノ下 石勝線
22%
東占冠 石勝線
22%
鳥飼 東海道新幹線
22%
南荒尾 東海道本線
20%
西新得 根室本線
19%
銚子口 函館本線
18%
ホロカ 石勝線
18%
普門寺 中央本線
18%
川奥 予土線
18%
長崎本線
18%
志度内 田沢湖線
16%
桑ノ原 篠ノ井線
16%
鷲宮 東北新幹線
16%
栗東 東海道新幹線
16%
常豊 根室本線
15%
西早来 石勝線
15%
黒砂 総武本線
15%
鞍手 山陽新幹線
15%
広内 根室本線
14%
平野川 根室本線
14%
駒里 石勝線
14%
白鳥 関西本線
14%
飛水峡 高山本線
14%
串内 石勝線
13%
新油川 津軽線
13%
大地沢 田沢湖線
13%
上沼垂 信越本線
13%
下新田 両毛線
13%
笹島 関西本線
13%
下石見 伯備線
13%
上芽室 根室本線
11%
東庶路 根室本線
11%
新港 京葉線
11%
堀之内 成田線
11%
鷲原 高山本線
11%
少ヶ野 高山本線
11%
中道 香椎線
11%
昭栄 根室本線
10%
滝ノ沢 石勝線
10%
青森 東北本線
10%
二古 羽越本線
10%
別所 武蔵野線
10%
大沢 飯田線
10%
北入江 室蘭本線
9%
宮城野 仙石線
9%
出戸 羽越本線
9%
沼上 磐越西線
9%
平瀬 篠ノ井線
9%
福来 高山本線
9%
双子山 紀勢本線
9%
広石 伯備線
9%
伊予若宮 予讃線
9%
土井崎 長崎本線
9%
肥前三川 長崎本線
9%
東仙台 東北本線
8%
西鶴岡 羽越本線
8%
更科 磐越西線
8%
朝明 関西本線
8%
山王 東海道本線
8%
神崎川 おおさか東線
8%
正覚寺 おおさか東線
8%
佐保 関西本線
8%
宿南 山陰本線
8%
上溝口 伯備線
8%
東折尾 鹿児島本線
8%
川原木 日豊本線
8%
西有田 佐世保線
8%
南能代 奥羽本線
6%
北赤湯 奥羽本線
6%
幕ノ内 羽越本線
6%
五条川 東海道本線
6%
滝山 山陰本線
6%
際波 宇部線
6%
下郡 日豊本線
6%
門石 日豊本線
6%
楠ヶ丘 日豊本線
6%
余部 姫新線
5%
森ヶ原 岩徳線
5%
南霧島 日豊本線
5%
鴨ノ庄 美祢線
4%
八幡 東海道本線
3%
No matching quizzes found
Score Distribution
Percent of People with Each Score
Percentile by Number Answered
Your Score History
You have not taken this quiz